|
|
|
|
| LEADER |
00776nam a22002172a 4500 |
| 001 |
001827233 |
| 003 |
CZ BrMZK |
| 005 |
20220616105405.0 |
| 007 |
ta |
| 008 |
220616s1895 au er|||||||||||ger d |
| 040 |
|
|
|a BOA001
|b cze
|e aacr2
|
| 044 |
|
|
|a au
|a gw
|a hu
|
| 100 |
1 |
|
|a Umlauft, Friedrich,
|d 1844-1923
|7 mzk2004241539
|4 aut
|
| 245 |
1 |
0 |
|a Namenbuch der Stadt Wien :
|b die Namen der Strassen und Gassen, Plätze und Höse, Vorstädte und Vororte im alten und neuen Wien /
|c erklärt von Friedrich Umlauft
|
| 260 |
|
|
|a Wien ;
|a Pest ;
|a Leipzig :
|b A. Hartleben's Verlag,
|c 1895
|
| 300 |
|
|
|a vi, 205 s.
|
| 910 |
|
|
|a BOA001
|b 2-0238.277
|
| 990 |
|
|
|a BK
|
| 993 |
|
|
|a Y
|
| 991 |
|
|
|b 202206
|
| 996 |
6 |
|
|b 2618738115
|c 2-0238.277
|l MZK
|r Sklad / do 24 hodin
|n 0
|w 001891798
|u 000010
|a 1
|e BOA001
|j MZK50
|s P
|